00712nam a2200229Ia 4500003000900000005001700009008004100026040001300067040001300080041000800093100002600101100001400127245008700141250001000228260001500238260000900253300001000262490000600272942001200278999001100290952018100301IT-RoPAU20220918175246.0120407s9999 xx 000 0 und d aIT-RoPAU cIT-RoPAU afra aHubert Du Manoir9336 cs.j.9337 aMaria. Etudes sur la Sainte Vierge. Sous la direction d’Hubert Du Manoir, S. J.  aParis aBeauchesne c1949 c25 cm v1 cBK2ddc c34d34 00102ddc406243_20000000000000071aPAULUSbPAULUSd2012-04-11l0o243.20r2012-04-11 00:00:00w2012-04-11yBKzInserito da: In data: n.d. fondo: Via A.Severo 56 Progr:25834